| 000 | 00576nam a2200181 a 4500 | ||
|---|---|---|---|
| 005 | 20260322212042.0 | ||
| 008 | data | ||
| 020 | _a9781440460241 (pbk.) | ||
| 092 | _a133.3 Nos 2008 | ||
| 100 | 1 |
_aNostradamus, _d1503-1566. |
|
| 245 | 1 | 0 |
_aWritings of Nostradamus : _bthe complete prophecies for the future, past and present including the almanacs / _cNostradamus & Michel de Nostradamus. |
| 260 |
_b[S.l. : s.n.], _c2008. |
||
| 300 |
_a154 p. ; _b26 cm. |
||
| 650 | 0 | _aProphecies (Occultism) | |
| 650 | 0 | _aAstrology and psychology | |
| 700 | 1 | _aNostradamus, Michel de | |
| 001 | data | ||
| 999 |
_c986 _d986 |
||